00615nam a2200229Ia 4500008004100000020001600041100001900057245002900076245001900105260001500124260002000139260000900159300002700168300002700195300001000222500006000232650002200292650001900314650002200333650002200355700000800377160803s9999 xx 000 0 und d a0 439079551 aShannon, David 2aA bad case of stripes /  cDavid Shannon. aNew York : bScholastic Inc. c1998 a30 unnumbered pages :  bcolor illustrations ;  c29 cm aOriginally published: New York : Blue Sky Press, c1998. aIndividuality --  aPopularity --  xJuvenile fiction. xJuvenile fiction. a540